| 000 | 004920000a22001690004500 | ||
|---|---|---|---|
| 041 | 0 | _aSPA | |
| 082 | 0 | 4 | _aG 296.155 B9724r |
| 100 | 1 | _aBurrows, Millar (1889-) | |
| 245 | 1 | 0 | _aLos rollos del Mar Muerto / Millar Burrows ; Emma Susana Speratti Piñero, Traductor |
| 260 | _aMéxico, D.F. : Fondo de Cultura Económica | ||
| 300 | _a442 Pag | ||
| 001 | 9024 | ||
| 942 | _cBK | ||
| 999 |
_c39112 _d39112 |
||
| 336 |
_atexto _btxt _2rdacontent |
||
| 337 |
_2rdamedia _asin mediación _bn |
||
| 338 |
_2rdacarrier _avolumen _bnc |
||